01078nam a2200265Ia 4500003000900000008004100009020002200050040001600072080002400088111007300112245025100185260002700436300001600463490003000479650003700509650003500546650003600581650004300617650002800660700002400688700002100712700002200733700002300755710003400778IN-BaIIA211028s9999 xx 000 0 eng d a978-3-540-74712-3 cIIA Library a524.834(082.1)bREL aMPE/USM/MPA/ESO Joint Astronomy ConferencecGermanyd2005 Nov. 7- 11 0aRelativistic astrophysics and cosmology - Einstein's legacybproceedings of the MPE/USM/MPA/ESO joint astronomy conference held in Munich, Germany, 7- 11 Nov 2005cedited by B. Aschenbach…[et al.]  aBerlinbSpringerc2007 axxxi, 504p. aESO astrophysics symposia aCluster of galaxies - congresses aEinstein universe - congresses aGeneral relativity - congresses aRelativistic astrophysics - congresses aSupernovae - congresses aAschenbach, B., ed. aBurwitz, V., ed. aHasinger, G., ed. aLeibundgut,B., ed. aEuropean Southern Observatory